书目信息 |
| 题名: |
渤海地质
|
|
| 作者: | ;中国科学院海洋研究所海洋地质研究室 编著 | |
| 分册: | ||
| 出版信息: | 北京 科学出版社 1985 |
|
| 页数: | 232页 | |
| 开本: | 26cm | |
| 丛书名: | ||
| 单 册: | ||
| 中图分类: | P736 | |
| 科图分类: | ||
| 主题词: | 海洋地质学--渤海 | |
| 电子资源: | ||
| ISBN: | ||
| 000 | 00731nam0 2200241 45 | |
| 001 | 0185010671 | |
| 005 | 20061123102623.26 | |
| 010 | @b精装@dCNY5.10 | |
| 091 | @aCN@b13031.2949 | |
| 100 | @a19900904d1985 kemy0chiy0121 ea | |
| 101 | 0 | @achi |
| 102 | @aCN@b110000 | |
| 105 | @af z 000yy | |
| 200 | 10 | @a渤海地质@Abo hai di zhi@f中国科学院海洋研究所海洋地质研究室编著 |
| 210 | @a北京@c科学出版社@d1985 | |
| 215 | @a232页@c图@d26cm | |
| 606 | @a海洋地质学@y渤海 | |
| 607 | @a渤海@x海洋地质学 | |
| 690 | @aP736@v3 | |
| 711 | 02 | @a中国科学院海洋研究所海洋地质研究室@Azhong guo ke xue yuan hai yang yan jiu suo hai yang di zhi yan jiu shi@4编著 |
| 801 | 2 | @aCN@bNLC@c20061123 |
| 801 | 0 | @aCN@bTSSF |
| 905 | @a10447@dP736@e17 | |
| 渤海地质/中国科学院海洋研究所海洋地质研究室编著.-北京:科学出版社,1985 |
| 232页:图;26cm |
| ISBN (精装):CNY5.10 |
| ● |
| 相关链接 |
|
|
|
|
正题名:渤海地质
索取号:P736/17
 
预约/预借
| 序号 | 登录号 | 条形码 | 馆藏地/架位号 | 状态 | 备注 |
| 1 | 0148724 | 000624630 | 第二样本阅览室/ [索取号:P736/17] | 在馆 |